000
00295 a2200157 4500
001
185628
020
_a
040
_c
Magnum
100
_a
Muricy, Andrade
240
1
0
_a
B. Lopes
_l
por
245
1
0
_a
B. Lopes
300
_a
362
0
_a
1962
697
_a
LITERATURA GERAL
942
_c
BK
999
_c
185628
_d
185628